| 000 | 01281cab a2200277 4500 | ||
|---|---|---|---|
| 001 | ABS67634 | ||
| 008 | 040311n2004 000 0 eng u | ||
| 035 | _a(Sirsi) u125397 | ||
| 100 | _aSmith, C. | ||
| 245 | 2 | _aA healthier alternative | |
| 260 | _c2004 | ||
| 490 |
_aEstates Gazette _v(0409) 28 February 2004, 137-138(2) |
||
| 520 | _aReform of the Landlord and Tenant Act 1954 Part II is imminent, due to changes enacted by the Regulatory Reform (Business Tenances) (England and Wales) Order 2003. This will come into force on 1 June 2004 and is aimed at making the renewal of business tenancies easier and fairer. This article concentrates on the elements of the changes that are most likely to effect negotiating tactics. Considers contracting out, changes to notice procedures and renewal applications under the new regime. | ||
| 590 | _aABS | ||
| 650 | _aLANDLORD AND TENANT ACT 1954 PART II | ||
| 650 | _aREGULATORY REFORM (BUSINESS TENANCIES) (ENGLAND AND WALES) ORDER 2003 | ||
| 650 | _aBUSINESS TENANCIES | ||
| 650 | _aCONTRACTING OUT | ||
| 650 | _aSECTION 25 NOTICES | ||
| 650 | _aREFORM | ||
| 650 | _aSECURITY OF TENURE | ||
| 650 | _aNEGOTIATION PROCESS | ||
| 690 | _aLANDLORD AND TENANT-BUSINESS TENANCIES | ||
| 700 | _aReekie, P. | ||
| 942 | _n0 | ||
| 999 |
_c74259 _d74259 |
||